Statistics for Spanish Vocabulary Words That Start With G

Click here to take the quiz!

General Stats

  • This quiz has been taken 2,668 times
  • The average score is 25 of 37

Answer Stats

English español % Correct
catgato
98%
thanksgracias
96%
to likegustar
93%
largegrande
93%
fatgordo
93%
graygris
92%
peoplegente
91%
to earnganar
89%
gallerygalería
87%
gasolinegasolina
87%
groupgrupo
84%
generousgeneroso
82%
warguerra
80%
geographygeografía
79%
generallygeneralmente
78%
to spendgastar
77%
attractiveguapo
77%
cookiegalleta
76%
guitarguitarra
69%
gymgimnasio
65%
governmentgobierno
64%
winnerganador
64%
to yellgritar
63%
grammargramática
59%
glovesguantes
58%
guideguía
54%
throatgarganta
54%
flugripe
51%
farmgranja
45%
to hitgolpear
44%
governorgobernador
41%
capgorra
40%
guaranteegarantía
38%
peasguisante
35%
managergerente
32%
wormgusano
31%
gipsygitano
30%

Score Distribution

Percentile by Number Answered

Percent of People with Each Score

Your Score History

You have not taken this quiz